Character By POP! Figurine - Statistics

General Stats
  • This quiz has been taken 11 times
  • The average score is 9 of 12
Answer Stats
Picture Answer % Correct
Hulk
100%
Mickey Mouse
100%
Pikachu
100%
Stitch
100%
Finn
89%
Crash Bandicoot
78%
Ed Sheeran
78%
Goku
78%
Alex
67%
Rocket Raccoon
67%
Bonnie
44%
Speed Racer
33%
No matching quizzes found
Score Distribution
Percent of People with Each Score
Percentile by Number Answered
Your Score History
You have not taken this quiz